Top 24 World Cities With Six Letters - Statistics

General Stats
  • This quiz has been taken 695 times
  • The average score is 19 of 24
Answer Stats
pop country city % Correct
14.40 mil United Kingdom London
99%
6.25 mil Spain Madrid
98%
23.30 mil Philippines Manila
98%
16.90 mil Russia Moscow
98%
4.50 mil Germany Berlin
95%
4.90 mil Australia Sydney
95%
13.70 mil Iran Tehran
95%
9.35 mil Colombia Bogotá
94%
23.20 mil India Mumbai
94%
4.68 mil Turkey Ankara
93%
9.05 mil Taiwan Taipei
93%
6.70 mil Saudi Arabia Riyadh
89%
4.25 mil Italy Naples
88%
7.35 mil United States Boston
80%
6.55 mil United States Dallas
78%
10.20 mil Pakistan Lahore
76%
6.80 mil Angola Luanda
76%
4.23 mil Saudi Arabia Jeddah
64%
10.40 mil Japan Nagoya
64%
5.15 mil Myanmar Yangon
63%
10.00 mil China Xiamen
49%
5.15 mil China Harbin
38%
4.50 mil China Dalian
25%
3.93 mil China Fuzhou
21%
No matching quizzes found
Score Distribution
Percent of People with Each Score
Percentile by Number Answered
Your Score History
You have not taken this quiz